| 000 | 01256nam a2200289 4500 | ||
|---|---|---|---|
| 001 | 0000013691 | ||
| 003 | CO-CtgCURN | ||
| 005 | 20250508194603.0 | ||
| 007 | ta | ||
| 008 | 160627s1992 000 0 eng d | ||
| 020 | _a8489210837 | ||
| 040 |
_aCO-CtgCURN _bspa _ccoctgcurn |
||
| 082 | 0 |
_a340.018 _bG47m |
|
| 100 | 1 | _aGiraldo Angel, Jaime. | |
| 245 | 1 | 0 |
_aMetodología y tecnica de la Investigación juridica / _cJaime Giraldo Angel. |
| 250 | _a5a ed. | ||
| 260 |
_aBogotá : _bLibreria del Profesional, _c1992. |
||
| 300 | _a354 p. | ||
| 336 | _2rdacontent | ||
| 337 |
_2rdamedia _asin mediacion _bn |
||
| 338 |
_2rdacarrier _avolumen _bnc |
||
| 505 | 8 | _aNiveles de Investigación en el derecho.--La Investigación juridica.--Fuentes del conocimiento juridico.--Metodos de interpretacion.--Metodo exegetico.--Análisis semantico.--Metodo sistematico.--El metodo sociologico.--Tema juridico.El metodo sociologico en la legislacion colombiana.--La metodología de la Investigación juridica aplicada a la elaboracion del documento jurisprudencial para informatica | |
| 650 | 1 | 4 |
_aDerecho _vMetodología. |
| 908 | _a160627 | ||
| 942 |
_cBK _h340.018 _iG47m _2ddc _n0 |
||
| 999 |
_c18800 _d18800 |
||